000 01460cab a2200529 4500
001 ABS57262
008 090401t1997 xxu||||| |||| 00| 0 eng d
035 _a(Sirsi) u79753
041 _aeng
245 _aSouth & East occupier
260 _c1997
350 _a0
490 _aEstates Gazette
_vSupplement (9728) 12 July 1997, (50) LOAN
650 _aBEDFORDSHIRE
650 _aBERKSHIRE
650 _aCAMBRIDGESHIRE
650 _aCORPORATE EXPRESS
650 _aCRIME
650 _aDISTRIBUTION
650 _aDORSET
650 _aEAST ANGLIA
650 _aESSEX
650 _aHAMPSHIRE
650 _aHERTFORDSHIRE
650 _aHOUSING MARKET
650 _aINDUSTRIAL MARKET
650 _aKENT
650 _aLEISURE MARKET
650 _aLOCAL AUTHORITIES
650 _aNORFOLK
650 _aOCCUPIER SURVEY
650 _aPROPERTY-COMMERCIAL PROPERTY-OFFICE PROPERTY-OFFICE PROPERTY MARKET
650 _aOXFORDSHIRE
650 _aRENTAL LEVELS
650 _aPROPERTY-COMMERCIAL PROPERTY-RETAIL PROPERTY-RETAIL PROPERTY MARKET
650 _aPROPERTY-INFRASTRUCTURE-TRANSPORT INFRASTRUCTURE-ROAD INFRASTRUCTURE
650 _aSECURICOR OMEGA LOGISTICS
650 _aSUFFOLK
650 _aSUITS YOU
650 _aSURREY
650 _aSUSSEX
650 _aXEROX
650 _aZURICH INSURANCE
690 _aPROPERTY-COMMERCIAL PROPERTY-COMMERCIAL PROPERTY MARKET
942 _n0
948 _c21/07/1997
999 _c50172
_d50172